|
|
|
|
| LEADER |
00000nam0a2200000 4500 |
| 001 |
123948 |
| 005 |
20231101215834.0 |
| 010 |
|
|
|a 5962603052
|
| 035 |
|
|
|a (RuTPU)RU\TPU\book\134149
|
| 090 |
|
|
|a 123948
|
| 100 |
|
|
|a 20071025d2007 km y0rusy50 ca
|
| 101 |
0 |
|
|a rus
|
| 102 |
|
|
|a RU
|
| 105 |
|
|
|a a z 001zy
|
| 200 |
1 |
|
|a Assessment Center для руководителей
|a Опыт реализации в российской компании, упражнения, кейсы
|f М. В. Красностанова, Н. В. Остерова, Н. В. Самара
|
| 210 |
|
|
|a Москва
|a СПб.
|c Вершина
|d 2007
|
| 215 |
|
|
|a 208 с.
|c ил.
|
| 320 |
|
|
|a Библиография: с. 204.
|
| 330 |
|
|
|a Эта книга — результат целенаправленного осмысления опыта создания и внедрения системы оценки и развития персонала — Assessment Center, признанного на сегодняшний день наиболее валидным и надежным методом. Читатель узнает историю возникновения и развития Assessment Center, познакомится с основными понятиями, рассмотрит примеры теоретических конструктов. Кроме того, в издании представлен опыт разработки и внедрения метода Assessment Center в российской компании, а также даны подробные практические материалы для проведения Assessment Center, которые могут быть использованы как в представленном виде, так и адаптированы под новый Assessment Center. Книга предназначена российским руководителям, интересующимся возможностями применения в своей компании наиболее современных и надежных методов оценки персонала.
|
| 606 |
|
|
|a Трудовые ресурсы
|x Управление
|2 stltpush
|3 (RuTPU)RU\TPU\subj\37115
|9 58255
|
| 610 |
1 |
|
|a экономика
|
| 610 |
1 |
|
|a труд
|
| 610 |
1 |
|
|a кадры
|
| 610 |
1 |
|
|a кадровый мененджмент
|
| 610 |
1 |
|
|a персонал
|
| 610 |
1 |
|
|a управление
|
| 610 |
1 |
|
|a HR-менеджеры
|
| 610 |
1 |
|
|a оценка
|
| 610 |
1 |
|
|a Assessment Center
|
| 610 |
1 |
|
|a ЦентрТелеком
|
| 610 |
1 |
|
|a примеры
|
| 610 |
1 |
|
|a упражнения
|
| 610 |
1 |
|
|a кейсы
|
| 686 |
|
|
|a У9(2)240
|v LBC/SL-A
|2 rubbk
|
| 700 |
|
1 |
|a Красностанова
|b М. В.
|g Мария Вячеславовна
|
| 701 |
|
1 |
|a Остерова
|b Н. В.
|g Наталья Владимировна
|
| 701 |
|
1 |
|a Самара
|b Н. В.
|g Николай Владимирович
|
| 801 |
|
1 |
|a RU
|b 63413507
|c 20071025
|g PSBO
|
| 801 |
|
2 |
|a RU
|b 63413507
|c 20180613
|g PSBO
|
| 942 |
|
|
|c BK
|